Teora̕ Econm̤ica Marxista (Bases Econm̤icas para el Derecho Econm̤ico)

Detalles Bibliográficos
Autor principal: Gallardo Rivas, Carlos Adǹ
Formato: eBook
Lenguaje:español
Publicado: La Paz: Instituto de Investigaciones, Seminarios y Tesis de la Carrera de Derecho de la Universidad Mayor de San Andrš, 2018
Materias:
Acceso en línea:Acceso restringido

MARC

LEADER 00000nam a22000007a 4500
005 20191118153845.0
007 cr|||| ||||
008 191118s2018 bo |||||s|||| 00||0 spa d
020 |a 4-4-1623-18 
035 |a 30719 
040 |a vLex 
090 |c 10062  |d 10062 
100 |a Gallardo Rivas, Carlos Adǹ 
245 1 0 |a Teora̕ Econm̤ica Marxista (Bases Econm̤icas para el Derecho Econm̤ico)  |h [Recurso electrn̤ico] /  |c Carlos Adǹ Gallardo Rivas 
256 |a Servicio en ln̕ea 
260 |a La Paz:  |b Instituto de Investigaciones, Seminarios y Tesis de la Carrera de Derecho de la Universidad Mayor de San Andrš,  |c 2018 
300 |a 1 recurso electrn̤ico 
506 1 |a Disponible solo en los productos indicados  |d vLex Global  |d vLex Global (Academic Edition, excluding Law Schools)  |d vLex Global (U.S. Academic Edition, Law Schools)  |d vLex Global (U.S. Academic Edition, excluding Law Schools)  |d vLex Global (Academic Edition, Law Schools) 
650 0 4 |a Derecho Pb︢lico y Administrativo  |z Bolivia 
650 0 4 |a Financiero  |z Bolivia 
650 0 4 |a Derecho Econm̤ico y comercial  |z Bolivia 
740 0 |a vLex Libros (Servicio en ln̕ea) 
856 4 0 |u http://vlex.com/source/teoria-economica-marxista-bases-economicas-para-el-derecho-economico--30719  |z Acceso restringido 
942 |c BOOK 
999 0 |a Public and Administrative Law 
999 0 |a Financial 
999 0 |a Economic and Commercial Law